Guía de estudio y libro de ejercicios del curso de economía moderna
-д хадгалсан:
| Үндсэн зохиолчид: | , , |
|---|---|
| Формат: | Ном |
| Хэл сонгох: | испани |
| Хэвлэсэн: |
Madrid
Aguilar
1961
|
| Цуврал: | Biblioteca de Ciencias Sociales. Sección Primera: Economía
|
| Нөхцлүүд: | |
| Шошгууд: |
Шошго нэмэх
Шошго байхгүй, Энэхүү баримтыг шошголох эхний хүн болох!
|
MARC
| LEADER | 00000nam a2200000 a 4500 | ||
|---|---|---|---|
| 001 | UCT8699 | ||
| 003 | CL-VaPUC | ||
| 008 | 970326e19610000SP |||||||||||||||||spa|d | ||
| 082 | 0 | 4 | |a 330 |b SAM |2 21 |
| 100 | 0 | |a Samuelson, Paul Anthony |e author |9 380632 | |
| 700 | 0 | |a Robinson, Romney |e author |9 380633 | |
| 700 | 0 | |a Baldwin, George B |e author |9 380634 | |
| 245 | 1 | 0 | |a Guía de estudio y libro de ejercicios del curso de economía moderna |
| 300 | |a 512 p | ||
| 942 | |c BK | ||
| 945 | |d 19970326 00:00:00 |a paguirre | ||
| 260 | |a Madrid |b Aguilar |c 1961 | ||
| 650 | 0 | |a Economía |9 255568 | |
| 650 | 0 | |a Capital |9 263726 | |
| 650 | 0 | |a Política económica |9 255029 | |
| 650 | 0 | |a Ahorro |9 351157 | |
| 650 | 0 | |a Bancos |9 254963 | |
| 650 | 0 | |a Política fiscal |9 317354 | |
| 650 | 0 | |a Precios |9 260787 | |
| 650 | 0 | |a Oferta y demanda |9 255571 | |
| 650 | 0 | |a Teorías económicas |9 270968 | |
| 650 | 7 | |a COMERCIO INTERNACIONAL |2 CL-VaPUC |9 380635 | |
| 583 | |a last modification |c 19970326 00:00:00 |k Rodrigo Vera | ||
| 490 | 0 | |a Biblioteca de Ciencias Sociales. Sección Primera: Economía | |
| 999 | |c 257185 |d 257183 | ||
| 952 | |0 0 |1 0 |4 0 |6 330_000000000000000_SAM_1961 |7 0 |8 P |9 280457 |a BIBDER |b BIBDER |d 2019-11-19 |i 1815571 |o 330 SAM 1961 |p 1815571 |r 2023-01-25 |w 2019-11-19 |y BK |k DER | ||